000
00246nam a2200109Ia 4500
008
190216s9999||||xx |||||||||||||| ||und||
100
_a
Vic Phillips
245
4
_a
The Herein Merchants
260
_b
Methuen & Co
650
_a
English
942
_c
BK
999
_c
13343
_d
13343